000 00919naa a2200265 c 4500
001 28251
003 ES-MaCES
005 19990325183200.0
008 951016n1995 sp ||| | spa d
035 _aCES19980021889v
040 _aES-MaCES
_bspa
_cES-MaCES
100 1 _aRus Mendoza, Ginés de
_922923
245 1 0 _aEstructura de la actividad económica del puerto y análisis de costes
_cGinés de Rus, Concepción Román, Lourdes Trujillo
650 4 _aestudio de casos
_928846
650 4 _atransporte marítimo
_928055
650 4 _aactividades generadoras de ingresos
_929650
650 4 _apuerto
_928028
653 1 0 _aPolíticas sectoriales
700 1 _aTrujillo, Lourdes
_925213
700 1 _aRomán, Concepción
_922546
773 0 _tRAE
_gN. 3 (jun. 1995) ; p. 81-103
_w(ES-MaCES)25487
902 _aART Artículo de revista
942 _2CES
_cAR
_h5.2.
999 _c28251
_d28251